| 000 | 01325nam a2200301 i 4500 | ||
|---|---|---|---|
| 003 | DO-SdBNP | ||
| 005 | 20260602110714.0 | ||
| 007 | ta | ||
| 008 | 260602b2022 dr ||||| |||| 00| 0 spa d | ||
| 020 | _a9789945809381 | ||
| 040 |
_aDO-SdBNP _bspa _cBNPHU _erda |
||
| 041 | _aspa | ||
| 082 | 4 |
_axxx _bB826L _222 |
|
| 100 | 1 |
_aBravo, Esmeraldo Augusto, _eautor _4aut. _989836 |
|
| 245 | 1 | 4 |
_aLos secretarios de Estado de Relaciones Exteriores de la República Dominicana, 1844-2020 : _b(inventario histórico constitucional) / _cE. Augusto Bravo |
| 250 | _aPrimera edición | ||
| 264 | 4 |
_aSanto Domingo, República Dominicana : _bEditora Búho, _c©2022. |
|
| 300 |
_a119 páginas ; _c23 cm. |
||
| 336 |
_atexto _btxt _2rdacontent |
||
| 337 |
_asin mediación _bn _2rdamedia |
||
| 338 |
_avolumen _bnc _2rdacarrier |
||
| 500 | _aIncluye datos biográficos del autor en la solapa de la contracubierta | ||
| 504 | _aBibliografía: páginas 117-118 | ||
| 505 | _aIntroducción, 11 -- La Primera República 1844-1861, 17-- La Anexión y la Restauración, 31 -- La Segundare República (1844-1861), 41 -- Intervención militar de los Estados Unidos a la República Dominicana: 1916-1924, 85 -- La Tercera República y la época contemporánea, 95 | ||
| 590 | _aInventariado, 2026 /LP | ||
| 910 | _aLP | ||
| 942 |
_2ddc _cLBS1 |
||
| 999 |
_c60850 _d60850 |
||